American journal of physiology. Heart and circulatory physiology.

Bibliographic Details
Uniform Title:American journal of physiology.
Corporate Author: American Physiological Society (1887- )
Format: Journal
Language:English
Published: Bethesda, MD : American Physiological Society, [1977]-
Subjects:
Online Availability: Check for online availability

MARC

Tag First Indicator Second Indicator Subfields
LEADER 00000cas a2200000 a 4500
001 in00001813321
005 20151025191712.0
006 m d
007 cr cnu--------
008 981009c19779999mdumr1pss 0 a0eng d
010 |a sn 98004856  
022 0 |a 1522-1539  |y 0363-6135 
035 |a (OCoLC)ocm40069627 
037 |b American Physiological Society, 9650 Rockville Pike, Bethesda, MD 20814-3991  |c $575.00 (institutions online only)  |c 167.00 (APS Members)  |c $385.00 (nonmember individuals, US)  |c $435.00 (Canada) 
040 |a NSD  |c NSD  |d IUL  |d MXC  |d TJC  |d OCLCQ  |d WAU  |d OCLCQ  |d UtOrBLW 
042 |a nsdp  |a lcd 
049 |a TXAM 
082 1 0 |a 612  |2 13 
130 0 |a American journal of physiology.  |p Heart and circulatory physiology (Online) 
210 0 |a Heart circ. physiol.  |b (Online) 
222 0 |a Heart and circulatory physiology  |b (Online) 
245 1 0 |a American journal of physiology.  |p Heart and circulatory physiology. 
246 3 0 |a Heart and circulatory physiology 
246 1 |i Journal homepage document source title:  |a AJP: Heart and circulatory physiology 
246 1 3 |a AJP:heart 
246 1 3 |a AJP:heart online 
264 1 |a Bethesda, MD :  |b American Physiological Society,  |c [1977]- 
310 |a Monthly 
336 |a text  |b txt  |2 rdacontent 
337 |a computer  |b c  |2 rdamedia 
338 |a online resource  |b cr  |2 rdacarrier 
362 0 |a Vol. 232, issue 1 (Jan. 1, 1977)- 
500 |a Title from journal homepage (publisher's version, viewed Aug. 7, 2003). 
500 |a Latest issue consulted: Volume 285, issue 2 (Aug. 2003) (viewed Aug. 7, 2003). 
515 |a Online numbering reflects sequence of the parent journal, American journal of physiology. 
515 |a Peer-reviewed manuscripts published before print. 
530 |a Also issued in a print version. 
538 |a Mode of access: World Wide Web. 
500 |a Electronic resource. 
650 0 |a Cardiovascular system  |x Physiology  |v Periodicals. 
650 0 |a Blood  |x Physiology  |v Periodicals. 
650 0 |a Lymph  |x Physiology  |v Periodicals. 
650 2 |a Cardiovascular Physiological Phenomena  |v Periodicals. 
710 2 |a American Physiological Society (1887- ) 
776 1 |t American journal of physiology. Heart and circulatory physiology  |x 0363-6135  |w (DLC) 77648039  |w (OCoLC)2960615 
948 |a cataloged  |b h  |c 2003/12/23  |d c  |e bsurratt  |f 11:36:07 am 
994 |a E0  |b TXA 
999 |a MARS 
999 f f |s 1dab1019-7e67-39d4-8a2b-ee8cc51cc241  |i e21fed69-26b7-39bc-a06d-69e2885505cb  |t 0 
952 f f |a Texas A&M University  |b College Station  |c Electronic Resources  |d Available Online  |t 0  |e QP101.2 .A44  |g Electronic  |h Library of Congress classification 
998 f f |a QP101.2 .A44  |t 0  |l Available Online